Skills in rational emotive behaviour : (Record no. 9610)

MARC details
000 -LEADER
fixed length control field 00646nam a22002172 4500
001 - CONTROL NUMBER
control field 0000021233
005 - DATE AND TIME OF LATEST TRANSACTION
control field 20151217152228.0
008 - FIXED-LENGTH DATA ELEMENTS--GENERAL INFORMATION
fixed length control field 120207s xx 000 0 eng d
020 ## - INTERNATIONAL STANDARD BOOK NUMBER
International Standard Book Number 1848606708 :
040 ## - CATALOGING SOURCE
Original cataloging agency KABU
Transcribing agency KABU
100 1# - MAIN ENTRY--PERSONAL NAME
Personal name Dryden, Windy.
-- 0000178799
245 10 - TITLE STATEMENT
Title Skills in rational emotive behaviour :
Remainder of title counselling & psychotherapy /
Statement of responsibility, etc. Windy Dryden.
250 ## - EDITION STATEMENT
Edition statement 1st ed.
260 ## - PUBLICATION, DISTRIBUTION, ETC. (IMPRINT)
Place of publication, distribution, etc. London :
Name of publisher, distributor, etc. Sage,
Date of publication, distribution, etc. 2009.
300 ## - PHYSICAL DESCRIPTION
Extent 127 p.
650 #0 - SUBJECT ADDED ENTRY--TOPICAL TERM
Topical term or geographic name as entry element Psychotherapy.
-- 0000082185
650 #0 - SUBJECT ADDED ENTRY--TOPICAL TERM
Topical term or geographic name as entry element Counselling.
-- 0000148604
852 1# - LOCATION
-- p5474.40 KES
908 ## - PUT COMMAND PARAMETER (RLIN)
Put command parameter 120207
950 ## - LOCAL HOLDINGS (RLIN)
-- 1
Holdings
Withdrawn status Lost status Source of classification or shelving scheme Not for loan Home library Current library Date acquired Total Checkouts Full call number Barcode Date last seen Price effective from Koha item type
    Library of Congress Classification   Kabarak, Main Campus Kabarak, Main Campus 17/12/2015   RC488.5 .D79 2009 c. 1 20505 17/12/2015 17/12/2015 General Collection
Designed with assistance from East African Informatics Ltd